[Event "18th HZ Open 2014"]
[Site "Vlissingen NED"]
[Date "2014.08.09"]
[Round "9.14"]
[White "Hopman, P."]
[Black "Visser, HJ."]
[Result "1-0"]
[WhiteElo "2387"]
[BlackElo "2256"]
[PlyCount "129"]
[EventDate "2014.08.02"]
[EventType "swiss"]
[EventRounds "9"]
[EventCountry "NED"]
[Source "Mark Crowther"]
[SourceDate "2014.08.11"]

1. d4 Nf6 2. Nf3 c5 3. d5 b5 4. c4 Bb7 5. a4 Qa5+ 6. Bd2 b4 7. Qc2 d6 8. e4
Nbd7 9. Be2 h6 10. O-O O-O-O 11. Rd1 Kb8 12. Be1 e5 13. Bf1 Be7 14. g3 Ne8 15.
Bg2 g6 16. Bd2 Rh7 17. Qc1 Nef6 18. Ne1 Rdh8 19. Nd3 h5 20. h3 Ne8 21. f4 f5
22. fxe5 dxe5 23. Re1 Bd6 24. Bg5 h4 25. gxh4 Qc7 26. Nd2 Bc8 27. Qc2 a5 28.
Re2 Ng7 29. Rae1 Nh5 30. Bf3 Rf7 31. Bxh5 Rxh5 32. Nf1 Rh8 33. Ng3 f4 34. Nf1
Nf8 35. Rh2 Nh7 36. Qg2 Qd7 37. b3 Nxg5 38. hxg5 f3 39. Qg3 Rxh3 40. Rxh3 Qxh3
41. Qxh3 Bxh3 42. Kf2 Bg4 43. Ne3 Bh5 44. Rh1 Kc7 45. Nf1 Rg7 46. Ng3 Bg4 47.
Rh4 Bd7 48. Rh8 Bg4 49. Rh4 Bc8 50. Kxf3 Be7 51. Nxe5 Bxg5 52. Rh8 Bf6 53. Ng4
Bd4 54. Nh6 Bd7 55. Ne2 Be5 56. Nf4 Kd6 57. Ra8 Kc7 58. Nd3 Bd4 59. e5 Rh7 60.
e6 Bc8 61. Ng4 Rh3+ 62. Ke4 Rg3 63. Nde5 Rxb3 64. Rxc8+ Kxc8 65. e7 1-0

[Event "18th HZ Open 2014"]
[Site "Vlissingen NED"]
[Date "2014.08.09"]
[Round "9.15"]
[White "Vedder, R."]
[Black "Taddei, B."]
[Result "1/2-1/2"]
[WhiteElo "2277"]
[BlackElo "2348"]
[PlyCount "139"]
[EventDate "2014.08.02"]
[EventType "swiss"]
[EventRounds "9"]
[EventCountry "NED"]
[Source "Mark Crowther"]
[SourceDate "2014.08.11"]

1. e4 Nf6 2. e5 Nd5 3. d4 d6 4. c4 Nb6 5. f4 g6 6. Nc3 Bg7 7. Be3 Be6 8. d5 Bc8
9. exd6 exd6 10. Bd4 O-O 11. Bxg7 Kxg7 12. Ne4 Re8 13. Qd4+ f6 14. O-O-O c5 15.
dxc6 Nxc6 16. Qxd6 Bg4 17. Qxd8 Nxd8 18. Nd6 Re6 19. Nf3 Rb8 20. c5 Na4 21. Bc4
Re3 22. Rhe1 Rxe1 23. Rxe1 Nc6 24. Ne8+ Kh8 25. Nxf6 Bxf3 26. gxf3 Nxc5 27. b4
Rf8 28. bxc5 Rxf6 29. Bd5 Rxf4 30. Be4 Rh4 31. Re2 Rh5 32. Rc2 Kg7 33. Kb2 Kf6
34. a3 Ke7 35. Kc1 Kd7 36. Kd1 Kc7 37. Ke1 Nd4 38. Rb2 Nc6 39. Rc2 Nd8 40. Kf1
Ne6 41. c6 Nd4 42. Rc4 Nxc6 43. Kg2 Kb6 44. Rc3 Rc5 45. Rd3 Kc7 46. Kg3 Ne7 47.
f4 Nf5+ 48. Kg4 Nd6 49. Bd5 h6 50. Be6 b5 51. Kf3 a5 52. Ke3 Rc2 53. h3 Nf5+
54. Bxf5 gxf5 55. Rd5 Kc6 56. Rxf5 Rc3+ 57. Kd4 Rxh3 58. a4 bxa4 59. Rxa5 a3
60. f5 Kb6 61. Ra8 Kb5 62. f6 Rf3 63. f7 Rxf7 64. Rxa3 h5 65. Ke4 h4 66. Rh3
Rh7 67. Kf5 Kc5 68. Kg4 Kd4 69. Rxh4 Rxh4+ 70. Kxh4 1/2-1/2

[Event "18th HZ Open 2014"]
[Site "Vlissingen NED"]
[Date "2014.08.09"]
[Round "9.16"]
[White "Piceu, T."]
[Black "Rebers, E."]
[Result "1-0"]
[WhiteElo "2330"]
[BlackElo "2240"]
[PlyCount "119"]
[EventDate "2014.08.02"]
[EventType "swiss"]
[EventRounds "9"]
[EventCountry "NED"]
[Source "Mark Crowther"]
[SourceDate "2014.08.11"]

1. d4 f5 2. Nf3 Nf6 3. Bg5 e6 4. Nc3 d5 5. e3 Be7 6. Bd3 O-O 7. O-O Nbd7 8. Bf4
Ne4 9. Nb5 Nd6 10. Nxd6 cxd6 11. Bg3 b6 12. Nd2 Bb7 13. f3 g5 14. Qe2 e5 15. c4
f4 16. Bf2 exd4 17. exf4 Nc5 18. cxd5 Rxf4 19. Rfe1 Bxd5 20. Bxh7+ Kxh7 21.
Qxe7+ Qxe7 22. Rxe7+ Kg6 23. g3 Rf7 24. Rxf7 Kxf7 25. Bxd4 Re8 26. Bxc5 dxc5
27. Kf2 Rh8 28. Rh1 Kg6 29. a3 b5 30. h4 gxh4 31. gxh4 Kh5 32. Re1 Rd8 33. Re5+
Kxh4 34. Nf1 Bc4 35. Rxc5 Rd1 36. Ng3 Rd2+ 37. Ke3 Rxb2 38. Kf4 Kh3 39. Nf5 Rb3
40. Ne3 Kh2 41. Nxc4 bxc4 42. Rxc4 Rb7 43. Ke5 Kg3 44. f4 Kg4 45. Ra4 Rf7 46.
Ke6 Rxf4 47. Rxa7 Rf1 48. Rg7+ Kh5 49. Kd6 Ra1 50. Rg3 Kh4 51. Rd3 Kg5 52. Kc5
Kf6 53. Re3 Ra2 54. Kb5 Ra1 55. a4 Ra2 56. a5 Ra1 57. Re4 Rb1+ 58. Rb4 Ra1 59.
a6 Ke6 60. Kb6 1-0

[Event "18th HZ Open 2014"]
[Site "Vlissingen NED"]
[Date "2014.08.09"]
[Round "9.17"]
[White "Erwich, Frank"]
[Black "Van den Berg, Ad"]
[Result "1/2-1/2"]
[WhiteElo "2328"]
[BlackElo "2235"]
[PlyCount "76"]
[EventDate "2014.08.02"]
[EventType "swiss"]
[EventRounds "9"]
[EventCountry "NED"]
[Source "Mark Crowther"]
[SourceDate "2014.08.11"]

1. e4 c5 2. Nf3 e6 3. g3 d5 4. exd5 exd5 5. d4 Nc6 6. Bg2 Bg4 7. Be3 cxd4 8.
Bxd4 Qe7+ 9. Kf1 O-O-O 10. Nc3 Qb4 11. Ne2 Nxd4 12. Qxd4 Qxd4 13. Nexd4 Bc5 14.
Rd1 Nf6 15. h3 Bh5 16. g4 Bg6 17. Ne5 Rhe8 18. Nxg6 fxg6 19. Bf3 g5 20. h4 gxh4
21. Rxh4 Bxd4 22. Rxd4 Re5 23. Kg2 h6 24. Rh1 Rf8 25. Rhd1 Rg5 26. c4 dxc4 27.
Rxc4+ Kb8 28. Rb4 b6 29. Rbd4 h5 30. Rd8+ Rxd8 31. Rxd8+ Kc7 32. Ra8 a5 33.
Ra7+ Kd6 34. Rb7 hxg4 35. Be2 Kc6 36. Re7 b5 37. Kg3 Kd6 38. Rb7 b4 1/2-1/2

[Event "18th HZ Open 2014"]
[Site "Vlissingen NED"]
[Date "2014.08.09"]
[Round "9.18"]
[White "Dijkhuis, Tycho"]
[Black "Senders, Mischa"]
[Result "1/2-1/2"]
[WhiteElo "2327"]
[BlackElo "2223"]
[PlyCount "30"]
[EventDate "2014.08.02"]
[EventType "swiss"]
[EventRounds "9"]
[EventCountry "NED"]
[Source "Mark Crowther"]
[SourceDate "2014.08.11"]

1. e4 c5 2. Nf3 d6 3. d4 cxd4 4. Nxd4 Nf6 5. Nc3 a6 6. h3 e6 7. g4 h6 8. Bg2
Nc6 9. Be3 Ne5 10. Qe2 g5 11. f4 gxf4 12. Bxf4 Bd7 13. O-O-O Rc8 14. Rhf1 Be7
15. Nf3 Rxc3 1/2-1/2

[Event "18th HZ Open 2014"]
[Site "Vlissingen NED"]
[Date "2014.08.09"]
[Round "9.19"]
[White "Michalczak, T."]
[Black "Sowray, P."]
[Result "0-1"]
[WhiteElo "2230"]
[BlackElo "2325"]
[PlyCount "50"]
[EventDate "2014.08.02"]
[EventType "swiss"]
[EventRounds "9"]
[EventCountry "NED"]
[Source "Mark Crowther"]
[SourceDate "2014.08.11"]

1. e4 d6 2. d4 Nf6 3. Nc3 g6 4. Nf3 Bg7 5. h3 O-O 6. Be3 b6 7. e5 Nfd7 8. Qd2
dxe5 9. O-O-O e4 10. Nxe4 Bb7 11. Bd3 c5 12. dxc5 Nxc5 13. Nxc5 bxc5 14. Bh6
Bxf3 15. Bxg7 Kxg7 16. Qc3+ Kg8 17. gxf3 Qb6 18. Be4 Nc6 19. h4 Rad8 20. Rxd8
Rxd8 21. h5 Nd4 22. Qc4 Rb8 23. b3 Qf6 24. hxg6 hxg6 25. Qxc5 Ne6 0-1

[Event "18th HZ Open 2014"]
[Site "Vlissingen NED"]
[Date "2014.08.09"]
[Round "9.20"]
[White "Maris, Iv"]
[Black "Saravanan, V1."]
[Result "1-0"]
[WhiteElo "2178"]
[BlackElo "2320"]
[PlyCount "43"]
[EventDate "2014.08.02"]
[EventType "swiss"]
[EventRounds "9"]
[EventCountry "NED"]
[Source "Mark Crowther"]
[SourceDate "2014.08.11"]

1. e4 c5 2. b3 g6 3. Bb2 Nf6 4. e5 Nd5 5. h4 Bg7 6. h5 d6 7. Nf3 Nc6 8. Bb5 O-O
9. hxg6 hxg6 10. Bxc6 bxc6 11. Qe2 Bg4 12. Nc3 Bxe5 13. Nxe5 Bxe2 14. Nxc6 Qd7
15. Nxd5 f6 16. Ncxe7+ Kg7 17. Bxf6+ Rxf6 18. Rh7+ Kxh7 19. Nxf6+ Kg7 20. Nxd7
Re8 21. Kxe2 Rxe7+ 22. Kd3 1-0

[Event "18th HZ Open 2014"]
[Site "Vlissingen NED"]
[Date "2014.08.09"]
[Round "9.21"]
[White "Bijlsma, N."]
[Black "Verstraeten, R."]
[Result "1/2-1/2"]
[WhiteElo "2210"]
[BlackElo "2298"]
[PlyCount "31"]
[EventDate "2014.08.02"]
[EventType "swiss"]
[EventRounds "9"]
[EventCountry "NED"]
[Source "Mark Crowther"]
[SourceDate "2014.08.11"]

1. e4 c5 2. Nf3 e6 3. d4 cxd4 4. Nxd4 Nc6 5. Nc3 d6 6. Be3 a6 7. Be2 Nf6 8. O-O
Be7 9. f4 O-O 10. Qe1 Qc7 11. Qg3 Bd7 12. Nb3 b5 13. a3 b4 14. axb4 Nxb4 15.
Nd4 Bc6 16. Bf3 1/2-1/2

[Event "18th HZ Open 2014"]
[Site "Vlissingen NED"]
[Date "2014.08.09"]
[Round "9.22"]
[White "Lentjes, N."]
[Black "Leenhouts, K."]
[Result "0-1"]
[WhiteElo "2073"]
[BlackElo "2385"]
[PlyCount "106"]
[EventDate "2014.08.02"]
[EventType "swiss"]
[EventRounds "9"]
[EventCountry "NED"]
[Source "Mark Crowther"]
[SourceDate "2014.08.11"]

1. e4 d6 2. d4 Nf6 3. Nc3 e5 4. dxe5 dxe5 5. Qxd8+ Kxd8 6. Bg5 Be6 7. O-O-O+
Nbd7 8. Bb5 c6 9. Ba4 Kc7 10. f3 Nc5 11. Bb3 Nxb3+ 12. cxb3 Bc5 13. Nge2 b5 14.
Rd3 a5 15. Be3 Be7 16. Ng3 a4 17. Kc2 axb3+ 18. axb3 g6 19. h3 Nd7 20. Rhd1 Nc5
21. Bxc5 Bxc5 22. Nge2 Rhd8 23. Rxd8 Rxd8 24. Rxd8 Kxd8 25. Nc1 Ke7 26. Nd3 Bd6
27. Ne2 Kf6 28. Nc3 Kg5 29. Ne2 f6 30. Kc3 Kh4 31. Kc2 f5 32. Nf2 f4 33. Nd3 g5
34. Kc3 h5 35. Nf2 g4 36. hxg4 hxg4 37. Nxg4 Bxg4 38. fxg4 Kxg4 39. Kd3 Bb4 40.
Kc2 Bc5 41. Kd3 Bf2 42. Kc2 c5 43. Kd3 Bd4 44. b4 c4+ 45. Kc2 Bf2 46. b3 cxb3+
47. Kxb3 Be1 48. Nc1 Kh4 49. Ne2 Bf2 50. Ka3 Be1 51. Nc1 Kg3 52. Kb3 Kxg2 53.
Nd3 Bg3 0-1

[Event "18th HZ Open 2014"]
[Site "Vlissingen NED"]
[Date "2014.08.09"]
[Round "9.23"]
[White "Bezemer, A."]
[Black "Goormachtigh, J."]
[Result "1/2-1/2"]
[WhiteElo "2287"]
[BlackElo "2176"]
[PlyCount "35"]
[EventDate "2014.08.02"]
[EventType "swiss"]
[EventRounds "9"]
[EventCountry "NED"]
[Source "Mark Crowther"]
[SourceDate "2014.08.11"]

1. e4 c5 2. Nf3 e6 3. d4 cxd4 4. Nxd4 Nc6 5. Nc3 Qc7 6. Be3 a6 7. Qd2 Nf6 8.
O-O-O Be7 9. f4 d6 10. Be2 Nxd4 11. Bxd4 e5 12. Be3 b5 13. a3 Bb7 14. Bf3 Rc8
15. Kb1 Qc4 16. Be2 Qc7 17. Bf3 Qc4 18. Be2 1/2-1/2

[Event "18th HZ Open 2014"]
[Site "Vlissingen NED"]
[Date "2014.08.09"]
[Round "9.24"]
[White "Mostertman, M."]
[Black "Middelveld, M."]
[Result "1-0"]
[WhiteElo "2284"]
[BlackElo "2119"]
[PlyCount "91"]
[EventDate "2014.08.02"]
[EventType "swiss"]
[EventRounds "9"]
[EventCountry "NED"]
[Source "Mark Crowther"]
[SourceDate "2014.08.11"]

1. e4 e6 2. d4 d5 3. Nd2 Nf6 4. e5 Nfd7 5. c3 c5 6. Bd3 Nc6 7. Ne2 cxd4 8. cxd4
f6 9. exf6 Nxf6 10. O-O Bd6 11. Nf3 Qc7 12. Bg5 O-O 13. Rc1 Nh5 14. Ng3 Nf4 15.
Bb1 Bd7 16. Re1 Rac8 17. Ne5 Be8 18. Qg4 h5 19. Qh4 Be7 20. Rxc6 Qa5 21. Rc3
Rxc3 22. bxc3 Qxc3 23. Rf1 Bxg5 24. Qxg5 Qxd4 25. Ng6 Qf6 26. Qxf6 Rxf6 27.
Nxf4 Rxf4 28. Rc1 Rb4 29. Bd3 Bc6 30. Nxh5 Ra4 31. Rc2 e5 32. f3 Ra3 33. Bg6 d4
34. Rd2 Bd5 35. f4 Ra6 36. Bd3 Rxa2 37. Rxa2 Bxa2 38. fxe5 a5 39. Bb5 Kf7 40.
Nf4 Bb3 41. Ne2 d3 42. Bxd3 a4 43. Nd4 Bd5 44. Nb5 Ke6 45. Bc2 Bb3 46. Nd4+ 1-0

[Event "18th HZ Open 2014"]
[Site "Vlissingen NED"]
[Date "2014.08.09"]
[Round "9.25"]
[White "Beerdsen, Thomas"]
[Black "Endress, A."]
[Result "1-0"]
[WhiteElo "2282"]
[BlackElo "2137"]
[PlyCount "65"]
[EventDate "2014.08.02"]
[EventType "swiss"]
[EventRounds "9"]
[EventCountry "NED"]
[Source "Mark Crowther"]
[SourceDate "2014.08.11"]

1. e4 c5 2. Nf3 e6 3. d4 cxd4 4. Nxd4 a6 5. Nc3 b5 6. Bd3 Qb6 7. Nb3 Bb7 8. O-O
Nf6 9. a3 Qc7 10. f4 Qb6+ 11. Kh1 h5 12. Qe2 Ng4 13. a4 bxa4 14. Nxa4 Qa7 15.
Na5 Nc6 16. Nxb7 Qxb7 17. h3 Nd4 18. Qd1 Qa7 19. c3 Nc6 20. Qe2 a5 21. e5 Be7
22. g3 Nh6 23. Be3 Qc7 24. Rad1 g6 25. Nb6 Rb8 26. Nc4 Nf5 27. Bf2 d5 28. exd6
Nxd6 29. Nxd6+ Bxd6 30. Bxg6 fxg6 31. Qxe6+ Be7 32. Qxg6+ Kf8 33. Rd5 1-0

[Event "18th HZ Open 2014"]
[Site "Vlissingen NED"]
[Date "2014.08.09"]
[Round "9.26"]
[White "Koelewijn, Alex"]
[Black "Raghavi, N."]
[Result "1-0"]
[WhiteElo "2065"]
[BlackElo "2275"]
[PlyCount "105"]
[EventDate "2014.08.02"]
[EventType "swiss"]
[EventRounds "9"]
[EventCountry "NED"]
[Source "Mark Crowther"]
[SourceDate "2014.08.11"]

1. d4 Nf6 2. c4 e6 3. Nf3 b6 4. a3 Bb7 5. Nc3 d5 6. Bg5 Be7 7. Qa4+ c6 8. cxd5
exd5 9. Ne5 O-O 10. e3 Nfd7 11. Bf4 Nxe5 12. Bxe5 Nd7 13. Bg3 Nf6 14. Be2 c5
15. dxc5 bxc5 16. Rd1 Qc8 17. O-O Rd8 18. h3 Bc6 19. Bb5 Bb7 20. Be2 a6 21. Qa5
Qe6 22. Bf3 Rac8 23. Rfe1 h6 24. Rc1 Nd7 25. Bc7 Re8 26. Red1 Nf6 27. Bg3 Bd8
28. Qa4 Bb6 29. Qc2 Ba8 30. Re1 Ba7 31. Ne2 Qb6 32. Red1 Bb7 33. Nc3 Qe6 34.
Qb3 Ba8 35. Nxd5 c4 36. Nxf6+ Qxf6 37. Qc3 Qg6 38. Bxa8 Rxa8 39. Rd6 Qg5 40.
Bf4 Qb5 41. Qxc4 Qxb2 42. Rd7 Qf6 43. Rcd1 Rac8 44. Rc7 Rxc7 45. Qxc7 Bb8 46.
Qd7 Rf8 47. Bxb8 Rxb8 48. Qd6 Qb2 49. Qxa6 Rb3 50. Qc8+ Kh7 51. Qf5+ g6 52.
Qxf7+ Qg7 53. Qxb3 1-0

[Event "18th HZ Open 2014"]
[Site "Vlissingen NED"]
[Date "2014.08.09"]
[Round "9.27"]
[White "Linster, P."]
[Black "Den Hartog, Marijn"]
[Result "0-1"]
[WhiteElo "2269"]
[BlackElo "2102"]
[PlyCount "44"]
[EventDate "2014.08.02"]
[EventType "swiss"]
[EventRounds "9"]
[EventCountry "NED"]
[Source "Mark Crowther"]
[SourceDate "2014.08.11"]

1. e4 e6 2. d3 d5 3. Nd2 Nf6 4. g3 c5 5. Bg2 Nc6 6. Ngf3 Be7 7. O-O O-O 8. Re1
b5 9. e5 Nd7 10. Nf1 f6 11. exf6 Nxf6 12. Bh3 e5 13. Bxc8 Qxc8 14. Nxe5 Nxe5
15. Rxe5 Bd6 16. Re1 Qh3 17. Bd2 Ng4 18. f4 g5 19. Qf3 Rf5 20. Qe2 gxf4 21.
Qe6+ Rf7 22. Qxd6 f3 0-1

[Event "18th HZ Open 2014"]
[Site "Vlissingen NED"]
[Date "2014.08.09"]
[Round "9.28"]
[White "Schippers, Maurice"]
[Black "De Wilde, R."]
[Result "1/2-1/2"]
[WhiteElo "2267"]
[BlackElo "2101"]
[PlyCount "61"]
[EventDate "2014.08.02"]
[EventType "swiss"]
[EventRounds "9"]
[EventCountry "NED"]
[Source "Mark Crowther"]
[SourceDate "2014.08.11"]

1. e4 e6 2. d4 d5 3. Nd2 Nf6 4. e5 Nfd7 5. Bd3 c5 6. c3 Nc6 7. Ne2 cxd4 8. cxd4
f6 9. exf6 Nxf6 10. Nf3 Bd6 11. O-O Qc7 12. Bg5 O-O 13. Rc1 Nh5 14. Qc2 g6 15.
Rfe1 Qg7 16. a3 Bd7 17. Be3 Rxf3 18. gxf3 Rf8 19. Ng3 Nf4 20. Bb5 Qf6 21. Bxf4
Bxf4 22. Rcd1 Nxd4 23. Rxd4 Bxb5 24. Rxf4 Qxf4 25. Rxe6 Qf7 26. Rd6 Bc6 27. b4
Qxf3 28. Rxg6+ hxg6 29. Qxg6+ Kh8 30. Qh6+ Kg8 31. Qg6+ 1/2-1/2

[Event "18th HZ Open 2014"]
[Site "Vlissingen NED"]
[Date "2014.08.09"]
[Round "9.29"]
[White "Ratsma, Rosa"]
[Black "Colijn, S."]
[Result "0-1"]
[WhiteElo "2035"]
[BlackElo "2254"]
[PlyCount "118"]
[EventDate "2014.08.02"]
[EventType "swiss"]
[EventRounds "9"]
[EventCountry "NED"]
[Source "Mark Crowther"]
[SourceDate "2014.08.11"]

1. e4 c5 2. Nf3 Nc6 3. d4 cxd4 4. Nxd4 e5 5. Nb5 a6 6. Nd6+ Bxd6 7. Qxd6 Qe7 8.
Qd1 Nf6 9. Nc3 h6 10. a4 d6 11. Be3 Be6 12. g3 Rc8 13. Bg2 O-O 14. Nd5 Bxd5 15.
exd5 Nb8 16. O-O Nbd7 17. Bh3 Rc4 18. c3 Rfc8 19. Qd2 Ng4 20. Ba7 b6 21. b3
R4c7 22. Bxb6 Nxb6 23. Bxg4 Rb8 24. Rfc1 Rc5 25. c4 a5 26. Bd1 f5 27. Rab1 Rbc8
28. Be2 Qg5 29. Qxg5 hxg5 30. Rd1 Kf7 31. Kg2 R5c7 32. g4 g6 33. Rh1 Rh8 34.
Rbe1 Kf6 35. f3 Nd7 36. Bd3 Nc5 37. Bc2 Rb7 38. Rb1 Rhb8 39. Rb2 Rb4 40. h4
Rxc4 41. hxg5+ Kxg5 42. gxf5 gxf5 43. Rh7 Rd4 44. Kg3 Rd2 45. Ra2 Nd3 46. Bb1
Rxa2 47. Bxa2 Nc1 48. Bb1 Rxb3 49. Bc2 Rb2 50. Rg7+ Kf6 51. Rc7 Ne2+ 52. Kh4
Nd4 53. Bd3 Nxf3+ 54. Kg3 Nd4 55. Ba6 f4+ 56. Kg4 Rg2+ 57. Kh3 Rg3+ 58. Kh4
Nf5+ 59. Kh5 Rg5# 0-1

[Event "18th HZ Open 2014"]
[Site "Vlissingen NED"]
[Date "2014.08.09"]
[Round "9.30"]
[White "Beeke, B."]
[Black "Hoffman, Ro"]
[Result "1-0"]
[WhiteElo "2243"]
[BlackElo "2088"]
[PlyCount "101"]
[EventDate "2014.08.02"]
[EventType "swiss"]
[EventRounds "9"]
[EventCountry "NED"]
[Source "Mark Crowther"]
[SourceDate "2014.08.11"]

1. d4 Nf6 2. Nf3 g6 3. c4 Bg7 4. Nc3 O-O 5. e4 d6 6. Be2 e5 7. Be3 Ng4 8. Bg5
f6 9. Bh4 Nc6 10. d5 Ne7 11. Nd2 Nh6 12. f3 g5 13. Bf2 f5 14. Qc2 Ng6 15. O-O-O
Nf4 16. Bf1 a6 17. Kb1 Bd7 18. c5 Qe7 19. Qb3 Rfb8 20. Nc4 Nf7 21. cxd6 Nxd6
22. Nxd6 cxd6 23. Na4 Bxa4 24. Qxa4 b5 25. Qa5 fxe4 26. fxe4 Qb7 27. g3 Ng6 28.
Bh3 Bf6 29. Be3 h6 30. Rhf1 Rf8 31. Bf5 Kg7 32. Rc1 Bd8 33. Qb4 Rf6 34. Bxg6 a5
35. Rxf6 axb4 36. Rf7+ Qxf7 37. Bxf7 Kxf7 38. Bd2 b3 39. axb3 Ke7 40. h4 gxh4
41. gxh4 Kd7 42. Rg1 Bxh4 43. Rg7+ Kc8 44. Bxh6 Rb8 45. Bd2 Rb7 46. Rg8+ Kd7
47. Kc2 Bd8 48. Kd3 Bc7 49. Bb4 Ra7 50. Rg7+ Kc8 51. Bxd6 1-0

[Event "18th HZ Open 2014"]
[Site "Vlissingen NED"]
[Date "2014.08.09"]
[Round "9.31"]
[White "Dijkhuis, Sven"]
[Black "Brookes, C."]
[Result "0-1"]
[WhiteElo "1985"]
[BlackElo "2231"]
[PlyCount "80"]
[EventDate "2014.08.02"]
[EventType "swiss"]
[EventRounds "9"]
[EventCountry "NED"]
[Source "Mark Crowther"]
[SourceDate "2014.08.11"]

1. e4 c5 2. Nf3 Nc6 3. d4 cxd4 4. Nxd4 Nf6 5. Nc3 d6 6. Bg5 e6 7. Qd2 a6 8. f4
Bd7 9. O-O-O h6 10. Bxf6 Qxf6 11. Nf3 Qd8 12. g4 Qa5 13. Kb1 O-O-O 14. Bc4 Kb8
15. Rhe1 Qc5 16. Bb3 Na5 17. Nd4 Nxb3 18. Nxb3 Qc7 19. Qf2 Be7 20. e5 d5 21. f5
Bb4 22. Rd3 Rhe8 23. Qf4 Be7 24. Nd4 Qb6 25. fxe6 fxe6 26. Qf7 Bf8 27. Nce2 g5
28. Qg6 Re7 29. Rb3 Qc7 30. Ng3 Bg7 31. Rbe3 Rf8 32. Qd3 Rf2 33. h3 Ref7 34. a3
Bf8 35. Nh5 Bc5 36. R3e2 Qb6 37. c3 Bxa3 38. b4 a5 39. Qe3 Rxe2 40. Rxe2 axb4
0-1

[Event "18th HZ Open 2014"]
[Site "Vlissingen NED"]
[Date "2014.08.09"]
[Round "9.32"]
[White "Roos, Ad"]
[Black "Hekhuis, J."]
[Result "1-0"]
[WhiteElo "2211"]
[BlackElo "2066"]
[PlyCount "75"]
[EventDate "2014.08.02"]
[EventType "swiss"]
[EventRounds "9"]
[EventCountry "NED"]
[Source "Mark Crowther"]
[SourceDate "2014.08.11"]

1. d4 Nf6 2. c4 e6 3. Nc3 Bb4 4. e3 O-O 5. Nge2 d5 6. a3 Be7 7. cxd5 exd5 8. b4
c6 9. Ng3 a5 10. b5 cxb5 11. Bxb5 Bd7 12. O-O Na6 13. Rb1 Bc6 14. Nf5 Re8 15.
Qa4 Rc8 16. Bd2 Bf8 17. Ne2 Qd7 18. Nfg3 b6 19. Nc3 h5 20. Nge2 Bd6 21. f3 Nb8
22. Rfc1 Rc7 23. Qb3 Rec8 24. Bd3 a4 25. Qa2 Qe7 26. Rxb6 Bxa3 27. Ra1 Bd6 28.
Bf5 Nbd7 29. Rbb1 a3 30. Rb3 Ra8 31. Rab1 Rca7 32. Nc1 Bc7 33. Nd3 Ne8 34. Nb4
Qd6 35. g3 Nb6 36. Nxc6 Qxc6 37. Nb5 Ra4 38. Nxc7 1-0

[Event "18th HZ Open 2014"]
[Site "Vlissingen NED"]
[Date "2014.08.09"]
[Round "9.33"]
[White "Grochal, J."]
[Black "Hoogland, M."]
[Result "1-0"]
[WhiteElo "2205"]
[BlackElo "2020"]
[PlyCount "53"]
[EventDate "2014.08.02"]
[EventType "swiss"]
[EventRounds "9"]
[EventCountry "NED"]
[Source "Mark Crowther"]
[SourceDate "2014.08.11"]

1. d4 Nf6 2. c4 e6 3. Nc3 Bb4 4. e3 b6 5. Bd3 Bb7 6. f3 c5 7. a3 Bxc3+ 8. bxc3
Nc6 9. Ne2 d5 10. cxd5 exd5 11. O-O O-O 12. Ng3 Re8 13. Ra2 a5 14. Re1 Ba6 15.
Bb1 Bc4 16. Rf2 a4 17. Bb2 Bb3 18. Qd3 Bc4 19. Qd2 Ra7 20. e4 dxe4 21. fxe4 Ng4
22. Rf4 Qg5 23. e5 Ncxe5 24. dxe5 Rd8 25. Ne4 Rxd2 26. Nxg5 Ne3 27. Bxh7+ 1-0

[Event "18th HZ Open 2014"]
[Site "Vlissingen NED"]
[Date "2014.08.09"]
[Round "9.34"]
[White "Lobersli, Henrik Oie"]
[Black "Van Osch, Mees"]
[Result "0-1"]
[WhiteElo "1839"]
[BlackElo "2200"]
[PlyCount "70"]
[EventDate "2014.08.02"]
[EventType "swiss"]
[EventRounds "9"]
[EventCountry "NED"]
[Source "Mark Crowther"]
[SourceDate "2014.08.11"]

1. d4 Nf6 2. c4 g6 3. Nc3 Bg7 4. e4 d6 5. Be2 O-O 6. Bg5 c5 7. d5 a6 8. Nf3 b5
9. cxb5 axb5 10. Bxb5 Qa5 11. O-O h6 12. Bxf6 Bxf6 13. Bd3 Bxc3 14. bxc3 Qxc3
15. Qb3 Ra3 16. Qxc3 Rxc3 17. Rfd1 Bg4 18. Be2 Ra3 19. Rd3 Ra4 20. Re3 Rc8 21.
h3 Bxf3 22. Bxf3 Na6 23. Bd1 Ra5 24. Rb3 Nb4 25. a4 Kg7 26. Kf1 f5 27. f3 Kf6
28. Kf2 Ke5 29. Ke3 fxe4 30. fxe4 Rf8 31. Rb2 Rf1 32. Rab1 Re1+ 33. Re2 Rxe2+
34. Bxe2 Rxa4 35. Rb3 Nc2+ 0-1

[Event "18th HZ Open 2014"]
[Site "Vlissingen NED"]
[Date "2014.08.09"]
[Round "9.35"]
[White "Kartsev, So"]
[Black "Boucquet, Emile"]
[Result "1-0"]
[WhiteElo "2264"]
[BlackElo "2081"]
[PlyCount "143"]
[EventDate "2014.08.02"]
[EventType "swiss"]
[EventRounds "9"]
[EventCountry "NED"]
[Source "Mark Crowther"]
[SourceDate "2014.08.11"]

1. e4 c5 2. c3 Nf6 3. e5 Nd5 4. d4 cxd4 5. Nf3 Nc6 6. cxd4 d6 7. Bc4 Nb6 8. Bb5
Bd7 9. exd6 e6 10. Nc3 Bxd6 11. O-O O-O 12. Re1 Nb4 13. Bf1 Bc6 14. Ne4 Rc8 15.
a3 N4d5 16. Ne5 Nf6 17. Nxc6 Rxc6 18. Bb5 Rc7 19. Bg5 Be7 20. Bf4 Rc8 21. Be5
Nc4 22. Qe2 Nxe4 23. Qxe4 Nd6 24. Qg4 Bf6 25. Bd3 Nc4 26. Qe4 g6 27. Bxc4 Rxc4
28. Qxb7 Bxe5 29. dxe5 Rc2 30. b4 Qd4 31. Qf3 Rfc8 32. g3 R8c3 33. Qf6 Qd5 34.
Rad1 Rd2 35. Rc1 Rdc2 36. Rxc2 Rxc2 37. Qf4 Qd2 38. Qxd2 Rxd2 39. Re3 Rb2 40.
Rc3 Ra2 41. Kg2 g5 42. Kf3 Kg7 43. g4 Kg6 44. Ke3 h5 45. h3 h4 46. f4 Rh2 47.
Ke4 Rg2 48. f5+ exf5+ 49. gxf5+ Kg7 50. Kd5 Rg3 51. Rc7 g4 52. hxg4 h3 53. Rc2
Rd3+ 54. Ke4 Rxa3 55. Kf4 Rb3 56. Kg5 Re3 57. e6 Rf3 58. exf7 Kxf7 59. Rc7+ Ke8
60. Rxa7 Rb3 61. Rh7 Rxb4 62. Rxh3 Kf7 63. Rh7+ Kg8 64. Ra7 Kf8 65. Kh5 Rf4 66.
Kg5 Rb4 67. f6 Kg8 68. Kh5 Rb8 69. Kg6 Rc8 70. g5 Rb8 71. Rg7+ Kf8 72. Rh7 1-0

[Event "18th HZ Open 2014"]
[Site "Vlissingen NED"]
[Date "2014.08.09"]
[Round "9.36"]
[White "Van der Zalm, M."]
[Black "Provoost, S."]
[Result "0-1"]
[WhiteElo "2057"]
[BlackElo "2260"]
[PlyCount "56"]
[EventDate "2014.08.02"]
[EventType "swiss"]
[EventRounds "9"]
[EventCountry "NED"]
[Source "Mark Crowther"]
[SourceDate "2014.08.11"]

1. d4 g6 2. c4 Bg7 3. Nc3 c5 4. e3 d6 5. Nf3 Nc6 6. d5 Bxc3+ 7. bxc3 Na5 8. Bd3
f5 9. h4 e5 10. dxe6 Bxe6 11. Ng5 Qf6 12. Qa4+ Nc6 13. Rb1 O-O-O 14. O-O h6 15.
Nxe6 Qxe6 16. Bd2 Nf6 17. Rb2 Kc7 18. Rfb1 b6 19. f3 Nd7 20. Be2 g5 21. f4 Nf6
22. Bf3 Ne4 23. Be1 Rhg8 24. Qa6 Rb8 25. Bd1 gxh4 26. Ba4 Qc8 27. Qb5 Na5 28.
Kh2 a6 0-1